[Event "25th Dubai Open A 2025"]
[Site "Dubai UAE"]
[Date "2025.06.01"]
[Round "6.28"]
[White "Gavrilescu, David"]
[Black "Stribuk, Artiom"]
[Result "0-1"]
[WhiteTitle "GM"]
[BlackTitle "IM"]
[WhiteElo "2554"]
[BlackElo "2433"]
[WhiteFideId "1227190"]
[BlackFideId "13515659"]
[EventDate "2025.05.27"]

1. e4 d6 2. d4 Nf6 3. Nc3 g6 4. f4 Bg7 5. Nf3 c5 6. dxc5 Qa5 7. Qd3 Qxc5 8. Be3
Qa5 9. Qb5+ Qxb5 10. Bxb5+ Nc6 11. O-O-O Bg4 12. Nd5 Nxd5 13. exd5 Bxf3 14. gxf3
a6 15. Be2 Nb8 16. f5 Nd7 17. h4 gxf5 18. h5 h6 19. Rhg1 Bf6 20. f4 Nc5 21. Bxc5
dxc5 22. Bd3 Kd7 23. Bxf5+ Kd6 24. c3 b5 25. Kc2 c4 26. Bg4 Rab8 27. a3 Rb7 28.
Be2 Rc8 29. Rg4 Rbb8 30. Kd2 a5 31. f5 Rc5 32. Ke3 Rxd5 33. Rxd5+ Kxd5 34. a4
Kd6 35. Kd2 bxa4 36. Kc2 Rb5 37. Rf4 Rc5 38. Bxc4 Ke5 39. Rd4 Kxf5 40. Rd5+ Rxd5
41. Bxd5 e6 42. Bc6 a3 43. bxa3 Bg5 44. Be8 f6 45. Bd7 Ke5 46. Kd3 f5 47. a4 Bh4
48. Ke2 Bd8 49. Kd3 Kd5 50. Bc8 Bb6 51. Bd7 Bf2 52. Ke2 Bg1 53. Kd3 Kd6 54. Bc8
Ke7 55. Kc4 Kf6 56. Kb5 e5 57. Kxa5 e4 58. Kb4 f4 59. Bb7 Ke5 60. c4 f3 61. c5
Kf4 62. c6 Bb6 63. a5 e3 64. axb6 e2 65. c7 e1=Q+ 66. Kc5 Qa5+ 67. Kc6 Ke5 68.
Kd7 Qa4+ 69. Kd8 Kd6 70. c8=N+ Ke6 71. Kc7 Qf4+ 72. Kd8 f2 73. Ba6 Qa4 0-1

[Event "25th Dubai Open A 2025"]
[Site "Dubai UAE"]
[Date "2025.06.01"]
[Round "6.29"]
[White "Ayush, Sharma"]
[Black "Piliposyan, Robert"]
[Result "1/2-1/2"]
[WhiteTitle "IM"]
[BlackTitle "IM"]
[WhiteElo "2478"]
[BlackElo "2416"]
[WhiteFideId "45010943"]
[BlackFideId "13309978"]
[EventDate "2025.05.27"]

1. e4 e5 2. Nf3 Nc6 3. Bb5 a6 4. Ba4 Nf6 5. O-O Be7 6. Re1 b5 7. Bb3 O-O 8. c3
Na5 9. Bc2 d5 10. exd5 e4 11. Bxe4 Nxe4 12. Rxe4 Re8 13. d4 Qxd5 14. Nbd2 Bb7
15. Qe1 Qd7 16. Re2 Bd6 17. Ne4 f5 18. Nxd6 cxd6 19. Bf4 Bxf3 20. gxf3 Nc4 21.
b3 Nb6 22. Qf1 Rec8 23. Rae1 Nd5 24. Bd2 Qf7 25. Re6 Nxc3 26. Qd3 Ne4 27. d5 Nc5
28. Qd4 Nxe6 29. dxe6 Qe7 30. Qd5 Rf8 31. Kh1 Rae8 32. Bc3 Kh8 33. Bd4 Qc7 34.
Rg1 Re7 35. h4 h6 36. Kh2 Kh7 37. f4 Qb7 38. Qxd6 Qc7 39. Be5 Qxd6 40. Bxd6 Rfe8
41. Bxe7 Rxe7 42. Re1 Kg6 43. Kg3 Kf6 44. Kf3 Rxe6 45. Rc1 Kg6 46. Rc7 Kf6 47.
h5 Re7 48. Rc6+ Re6 49. Rc7 Re7 50. Rc8 Kf7 51. Ra8 Re6 52. Ra7+ Kf6 53. a4 Rc6
54. Ke2 b4 55. a5 Rc3 56. Rxa6+ Kf7 57. Ra8 Rxb3 58. a6 Ra3 59. a7 b3 60. Kd2 b2
61. Kc2 b1=Q+ 62. Kxb1 Ra6 63. Kb2 Ra5 64. Kb3 Ra1 65. Kc4 Ra5 66. Kb4 Ra1 67.
Kc5 Ra2 68. Kc6 Ra1 69. Kd5 Ra2 70. Ke5 Ra5+ 71. Kd6 Ra1 1/2-1/2

[Event "25th Dubai Open A 2025"]
[Site "Dubai UAE"]
[Date "2025.06.01"]
[Round "6.30"]
[White "Tsaruk, Maksim"]
[Black "Siddharth, Jagadeesh"]
[Result "1/2-1/2"]
[WhiteTitle "IM"]
[BlackTitle "GM"]
[WhiteElo "2431"]
[BlackElo "2472"]
[WhiteFideId "13511173"]
[BlackFideId "5818320"]
[EventDate "2025.05.27"]

1. e4 e6 2. d4 d5 3. Nd2 c5 4. Ngf3 cxd4 5. Nxd4 Nc6 6. Bb5 Bd7 7. Nxc6 Bxc6 8.
Bxc6+ bxc6 9. c4 Nf6 10. Qa4 Qc7 11. cxd5 exd5 12. O-O Be7 13. exd5 Nxd5 14. Nf3
O-O 15. Bd2 Bf6 16. Qc2 Rab8 17. Rab1 Rfe8 18. b3 Re6 19. Rbc1 Rbe8 20. Rfe1 h6
21. Qc4 Qd6 22. h3 Rxe1+ 23. Bxe1 Re6 24. Bd2 Qa3 25. Rc2 Qe7 26. Qg4 Kh8 27.
Rc4 Nb6 28. Rc1 Nd5 29. Qg3 Kh7 30. Qg4 Kh8 31. Qf5 Kg8 32. Rc4 Kh8 33. Qh5 Kh7
34. Qf5+ Kh8 35. Qh5 Kh7 36. h4 Kg8 37. Qg4 Kh8 38. Qf5 Kg8 39. g3 Qe8 40. Qd3
Qd7 41. a4 Rd6 42. Qe2 Re6 43. Qd3 Rd6 44. Qc2 Re6 45. b4 Nb6 46. Rc5 Be7 47.
Re5 Bf6 48. Rxe6 Qxe6 49. Be3 Nd5 50. Bxa7 Nxb4 51. Qd1 Qa2 52. Qd7 Qxa4 53.
Qe8+ Kh7 1/2-1/2

[Event "25th Dubai Open A 2025"]
[Site "Dubai UAE"]
[Date "2025.06.01"]
[Round "6.31"]
[White "Kushagra, Mohan"]
[Black "Harshavardhan, G B"]
[Result "1-0"]
[WhiteTitle "IM"]
[BlackTitle "IM"]
[WhiteElo "2400"]
[BlackElo "2441"]
[WhiteFideId "25033638"]
[BlackFideId "25059009"]
[EventDate "2025.05.27"]

1. e4 c5 2. Nf3 a6 3. c3 d5 4. exd5 Qxd5 5. d4 e6 6. Be2 cxd4 7. cxd4 Nf6 8. Nc3
Qd8 9. O-O Nc6 10. Bf4 Be7 11. Qd2 O-O 12. Rad1 b5 13. Ne5 Bb7 14. Bf3 Rc8 15.
Rfe1 Na5 16. Bxb7 Nxb7 17. Qe2 Nd5 18. Nxd5 Qxd5 19. Rd3 f6 20. Nf3 Rc6 21. a3
Re8 22. h3 Bf8 23. Nh2 Bd6 24. Be5 Rd8 25. Bxd6 Rcxd6 26. Ng4 Qg5 27. Rg3 Qf4
28. Qe4 Qxe4 29. Nxf6+ Kh8 30. Nxe4 Rxd4 31. Ng5 Rd1 32. Re3 Kg8 33. Nxe6 R8d2
34. b4 Nd6 35. Rxd1 Rxd1+ 36. Kh2 h6 37. Nc5 Nc4 38. Re7 Nxa3 39. Ne6 Nc2 40.
Rxg7+ Kh8 41. f4 Nxb4 42. f5 Rf1 43. g4 Nd5 44. Ra7 Ne3 45. Rxa6 h5 46. g5 Rxf5
47. g6 Rf2+ 48. Kg3 Rg2+ 49. Kf3 Rxg6 50. Ra8+ Rg8 51. Rxg8+ Kxg8 52. Kxe3 Kh7
53. h4 Kg6 54. Ke4 b4 55. Nd4 Kf6 56. Kf4 Kg6 57. Ke5 Kg7 58. Kf5 Kh6 59. Kf6
Kh7 60. Kg5 Kg7 61. Kxh5 Kh7 62. Kg5 Kg7 63. h5 Kh7 64. h6 Kg8 65. Nb3 Kh7 66.
Kh5 Kh8 67. Na5 Kh7 68. Kg5 Kg8 69. Kg6 Kh8 70. Nc4 b3 71. Ne5 b2 72. Nf7+ Kg8
73. h7+ 1-0

[Event "25th Dubai Open A 2025"]
[Site "Dubai UAE"]
[Date "2025.06.01"]
[Round "6.32"]
[White "Ghimpu, Samuel-Timotei"]
[Black "Jiang, Haochen"]
[Result "1/2-1/2"]
[WhiteTitle "IM"]
[WhiteElo "2421"]
[BlackElo "2439"]
[WhiteFideId "1238175"]
[BlackFideId "8631930"]
[EventDate "2025.05.27"]

1. e4 e5 2. Nf3 Nc6 3. Bc4 Nf6 4. d3 Be7 5. O-O d5 6. exd5 Nxd5 7. Re1 f6 8. d4
Nb6 9. Bb5 Bg4 10. a4 O-O 11. c3 exd4 12. Qb3+ Qd5 13. Qxd5+ Nxd5 14. Nxd4 Nxd4
15. cxd4 Rfd8 16. h3 Bh5 17. Nc3 Kf8 18. Nxd5 Rxd5 19. Be3 c6 20. Bf1 Bf7 21.
Rec1 a5 22. Bc4 Rd7 23. Bxf7 Kxf7 24. g4 Ke6 25. Kg2 Kd5 26. b3 Bd6 27. Kf3 f5
28. gxf5 Rf8 29. Rg1 g6 30. Rg5 Bc7 31. Rc1 Rxf5+ 32. Rxf5+ gxf5 33. Rg1 Bb6 34.
Rg5 Ke6 35. d5+ Kf6 36. dxc6 bxc6 37. Rg8 Rb7 38. Ra8 c5 39. Ke2 Bc7 40. Bxc5
Rxb3 41. Ra7 Bd8 42. Rd7 Rb8 43. Rxh7 Ke6 44. h4 Rc8 45. Bd4 Rc4 46. Kd3 Rxa4
47. h5 Bf6 48. Bxf6 Kxf6 49. Ke3 Kg5 50. Rh8 Re4+ 51. Kf3 Rh4 52. Ra8 Rh3+ 53.
Kg2 Ra3 54. Rh8 Rb3 55. h6 Rb5 56. Kg3 Kg6 57. f3 Kg5 58. Rh7 f4+ 59. Kh3 Rb3
60. Kg2 Rb2+ 61. Kg1 Ra2 62. Rf7 Kxh6 63. Rxf4 a4 64. Rg4 a3 65. Ra4 Kg5 66. Kf1
Kf5 67. Ke1 Ra1+ 68. Kd2 a2 69. Kc2 Rf1 70. Rxa2 Rf2+ 71. Kb1 Rf1+ 72. Kb2 Rf2+
73. Kb1 Rxf3 74. Rc2 Rb3+ 75. Rb2 Rxb2+ 76. Kxb2 1/2-1/2

[Event "25th Dubai Open A 2025"]
[Site "Dubai UAE"]
[Date "2025.06.01"]
[Round "6.33"]
[White "Muthaiah, AL"]
[Black "Garayev, Kanan"]
[Result "1-0"]
[WhiteTitle "IM"]
[BlackTitle "IM"]
[WhiteElo "2487"]
[BlackElo "2336"]
[WhiteFideId "5092442"]
[BlackFideId "13406671"]
[EventDate "2025.05.27"]

1. d4 d5 2. c4 e6 3. Nc3 Nf6 4. cxd5 exd5 5. Bg5 Bb4 6. e3 h6 7. Bxf6 Qxf6 8.
Qb3 Nc6 9. Qxd5 Be6 10. Qf3 Qg6 11. Bb5 Bg4 12. Qg3 O-O 13. Ne2 Bd6 14. Nf4 Qf5
15. h3 Bh5 16. Bd3 Qxd3 17. Nxd3 Bxg3 18. fxg3 Rfe8 19. Nf4 Bg6 20. Nxg6 fxg6
21. Kd2 Rad8 22. g4 Ne5 23. b3 c5 24. d5 Nf7 25. a4 Nd6 26. Kd3 b6 27. e4 Nxe4
28. Rhe1 Nxc3 29. Rxe8+ Rxe8 30. Kxc3 Re4 31. a5 b5 32. Rd1 Kf7 33. d6 b4+ 34.
Kc2 Ke8 35. Rd5 Kd7 36. Kd3 Rf4 37. Rxc5 Kxd6 38. Rc4 Rf2 39. Rxb4 Kc6 40. a6
Ra2 41. Rb7 Rxa6 42. Rxg7 Kd5 43. b4 g5 44. Rh7 Ra3+ 45. Ke2 Kc4 46. Rxh6 Kxb4
47. Rh5 Ra5 48. h4 Ra2+ 49. Kf3 Ra3+ 50. Kf2 gxh4 51. g5 Ra5 52. Rxh4+ Kc5 53.
g6 Kd6 54. Rg4 Rf5+ 55. Kg3 Rf8 56. g7 Rg8 57. Kh4 Kd5 1-0

[Event "25th Dubai Open A 2025"]
[Site "Dubai UAE"]
[Date "2025.06.01"]
[Round "6.34"]
[White "Rakshitta, Ravi"]
[Black "Agasarov, Benik"]
[Result "1-0"]
[WhiteTitle "WGM"]
[BlackTitle "FM"]
[WhiteElo "2324"]
[BlackElo "2414"]
[WhiteFideId "25073230"]
[BlackFideId "13314823"]
[EventDate "2025.05.27"]

1. e4 c5 2. Nf3 Nc6 3. Bb5 e6 4. O-O Nge7 5. Re1 Nd4 6. Bf1 Nxf3+ 7. Qxf3 Nc6 8.
Qg3 g6 9. c3 Bg7 10. d3 O-O 11. Nd2 d6 12. Nf3 e5 13. d4 exd4 14. cxd4 Nxd4 15.
Nxd4 Bxd4 16. Bf4 Re8 17. Bxd6 Qb6 18. Rab1 Be6 19. b3 Qc6 20. h4 Rad8 21. e5 b5
22. h5 Bf5 23. Rbc1 Re6 24. Qh4 Rc8 25. b4 Qd5 26. Red1 Qa8 27. h6 f6 28. bxc5
fxe5 29. Bxb5 g5 30. Qxg5+ Rg6 31. Bc4+ Kh8 32. Rxd4 1-0

[Event "25th Dubai Open A 2025"]
[Site "Dubai UAE"]
[Date "2025.06.01"]
[Round "6.35"]
[White "Vivaan Vishal Shah"]
[Black "Beydullayeva, Govhar"]
[Result "1-0"]
[WhiteTitle "FM"]
[BlackTitle "WGM"]
[WhiteElo "2410"]
[BlackElo "2394"]
[WhiteFideId "25184237"]
[BlackFideId "13413015"]
[EventDate "2025.05.27"]

1. e4 c5 2. Nf3 d6 3. d4 cxd4 4. Nxd4 Nf6 5. Nc3 a6 6. Bc4 e6 7. Be3 Be7 8. Bb3
O-O 9. g4 Qa5 10. f3 Nc6 11. Qd2 Bd7 12. g5 Nh5 13. h4 b5 14. Nxc6 Bxc6 15.
O-O-O Rfd8 16. Ne2 b4 17. Nd4 Bb7 18. Nxe6 fxe6 19. Bxe6+ Kh8 20. Kb1 Bf8 21.
Bd4 Qc7 22. g6 Nf6 23. Rdg1 Qe7 24. Bf7 Bc8 25. Bd5 Be6 26. Bxa8 Rxa8 27. gxh7
Qf7 28. b3 d5 29. Qg5 Be7 30. h5 Kxh7 31. exd5 Bd7 32. d6 Bxd6 33. Bxf6 Qxf6 34.
Qxf6 gxf6 35. Rd1 Be5 36. Rxd7+ Kh6 37. Rg1 Re8 38. Rg6+ Kxh5 39. Rg2 1-0

[Event "25th Dubai Open A 2025"]
[Site "Dubai UAE"]
[Date "2025.06.01"]
[Round "6.36"]
[White "Manon, Reja Neer"]
[Black "Al Hosani, Omran"]
[Result "1-0"]
[WhiteTitle "IM"]
[BlackTitle "IM"]
[WhiteElo "2403"]
[BlackElo "2299"]
[WhiteFideId "10224009"]
[BlackFideId "9308733"]
[EventDate "2025.05.27"]

1. Nf3 d5 2. g3 g6 3. c4 d4 4. b4 Bg7 5. Bb2 e5 6. d3 Ne7 7. Bg2 O-O 8. O-O c5
9. bxc5 Qc7 10. Nbd2 Na6 11. Nb3 Re8 12. Ng5 Nxc5 13. Nxc5 Qxc5 14. Qa4 Rd8 15.
Ba3 Qc7 16. Rab1 h6 17. Ne4 b6 18. Bxe7 Qxe7 19. Nf6+ Bxf6 20. Bxa8 Bg4 21. Bf3
Bxf3 22. exf3 h5 23. Rfe1 h4 24. f4 hxg3 25. hxg3 Qc7 26. fxe5 Bxe5 27. f4 Bf6
28. Re8+ Kg7 29. Rbe1 Qc8 30. Kg2 Qb7+ 31. Kf2 Rd6 32. Qd1 Qd7 33. Qf3 Re6 34.
R1xe6 fxe6 35. Rb8 Be7 36. Qh1 Qa4 37. Qh8+ 1-0

[Event "25th Dubai Open A 2025"]
[Site "Dubai UAE"]
[Date "2025.06.01"]
[Round "6.37"]
[White "Farahat, Ali"]
[Black "Zhang, Di"]
[Result "0-1"]
[WhiteTitle "IM"]
[WhiteElo "2321"]
[BlackElo "2410"]
[WhiteFideId "10600507"]
[BlackFideId "8616590"]
[EventDate "2025.05.27"]

1. d4 Nf6 2. Nf3 d5 3. e3 c5 4. c4 e6 5. Nc3 Nc6 6. Bd3 a6 7. cxd5 exd5 8. O-O
Bg4 9. h3 Bh5 10. dxc5 Bxc5 11. g4 Bg6 12. Bxg6 hxg6 13. Kg2 Qd7 14. Nd4 Ne5 15.
f4 Nc6 16. Nxc6 bxc6 17. Qf3 O-O 18. g5 Ne8 19. Qg4 Qe7 20. f5 gxf5 21. Rxf5 Nd6
22. Rf3 Nc4 23. b3 Ne5 0-1

[Event "25th Dubai Open A 2025"]
[Site "Dubai UAE"]
[Date "2025.06.01"]
[Round "6.38"]
[White "Sultan, Ibrahim"]
[Black "Gaal, Zsoka"]
[Result "0-1"]
[WhiteTitle "IM"]
[BlackTitle "WGM"]
[WhiteElo "2222"]
[BlackElo "2395"]
[WhiteFideId "9301143"]
[BlackFideId "777765"]
[EventDate "2025.05.27"]

1. d4 Nf6 2. c4 e6 3. Nc3 Bb4 4. Qc2 d5 5. cxd5 exd5 6. Bg5 c5 7. dxc5 h6 8. Bh4
Be6 9. e3 O-O 10. Nf3 Nbd7 11. Be2 Rc8 12. c6 bxc6 13. Nd4 c5 14. Nxe6 fxe6 15.
O-O c4 16. a3 Bxc3 17. bxc3 Nc5 18. f3 Qb6 19. Kh1 Qb3 20. Qd2 Rb8 21. Qd4 Qb6
22. e4 Na4 23. e5 Qxd4 24. cxd4 Nh5 25. Rfc1 g5 26. Be1 Nf4 27. Bf1 Rb3 28. Bb4
Rb8 29. Bd6 R8b7 30. g3 Nd3 31. Rc2 Rb1 32. Rca2 Nc3 33. Kg1 Nxa2 34. Rxa2 Rd1 0-1

[Event "25th Dubai Open A 2025"]
[Site "Dubai UAE"]
[Date "2025.06.01"]
[Round "6.39"]
[White "Zia, Tahsin Tajwar"]
[Black "Tregubenko, Nikolay"]
[Result "1/2-1/2"]
[WhiteTitle "FM"]
[WhiteElo "2374"]
[BlackElo "2277"]
[WhiteFideId "10211888"]
[BlackFideId "34358978"]
[EventDate "2025.05.27"]

1. d4 Nf6 2. c4 e6 3. Nc3 Bb4 4. e3 O-O 5. Bd3 c5 6. a3 Bxc3+ 7. bxc3 Nc6 8. Ne2
b6 9. O-O Ba6 10. e4 Ne8 11. f4 f5 12. Ng3 g6 13. Be3 Nd6 14. Qe2 Na5 15. dxc5
Nxe4 16. Nxe4 fxe4 17. Bxe4 Bxc4 18. Qg4 Bxf1 19. Rxf1 Rf7 20. cxb6 axb6 21.
Bxa8 Nc4 22. Qe2 Nxe3 23. Qxe3 Qxa8 24. Qxb6 Qxa3 25. Qb8+ Qf8 26. Qc7 Qa8 27.
Re1 Qd5 28. h3 Kg7 29. Kh2 Qf5 30. Qe5+ Qxe5 31. fxe5 Kf8 32. Kg3 Ke7 33. Re4
Rf5 34. Kh4 Rh5+ 1/2-1/2

[Event "25th Dubai Open A 2025"]
[Site "Dubai UAE"]
[Date "2025.06.02"]
[Round "7.1"]
[White "Grebnev, Aleksey"]
[Black "Rohith, Krishna S"]
[Result "1-0"]
[WhiteTitle "GM"]
[BlackTitle "IM"]
[WhiteElo "2556"]
[BlackElo "2490"]
[WhiteFideId "34189030"]
[BlackFideId "46617051"]
[EventDate "2025.05.27"]

1. d4 d5 2. c4 e6 3. Nc3 Be7 4. cxd5 exd5 5. Bf4 c6 6. Qc2 Nf6 7. e3 Bd6 8. Bxd6
Qxd6 9. Bd3 Nbd7 10. Nf3 O-O 11. O-O Re8 12. Rab1 a5 13. h3 h6 14. Rfc1 b6 15.
Na4 Bb7 16. Ne5 Nxe5 17. dxe5 Qxe5 18. Nxb6 Rad8 19. b4 axb4 20. Rxb4 d4 21.
exd4 Rxd4 22. Rxd4 Qxd4 23. Na4 Nd5 24. Nc5 Bc8 25. Bf1 g6 26. a4 Bf5 27. Qc4
Qxc4 28. Bxc4 Ra8 29. Bb3 Kf8 30. g4 Bc8 31. Nd3 Be6 32. Nc5 Bc8 33. Kh2 Ke7 34.
Kg3 h5 35. g5 Bf5 36. h4 f6 37. f4 fxg5 38. fxg5 Ra7 39. Kf3 Kd6 40. Ne4+ Ke5
41. Re1 Kd4 42. Nd6 Bg4+ 43. Kg3 Ne3 44. Rc1 Ra6 45. Nc4 Be6 46. Nd2 Bg4 47. Kf2
c5 48. Bf7 Bd1 49. Ra1 Ng4+ 50. Kg3 Bc2 51. Rc1 Ne3 52. Nf3+ Kc3 53. Ne1 Kd2 54.
Ra1 Nf5+ 55. Kf4 Nxh4 56. Nxc2 Kxc2 57. a5 Kc3 58. Ra4 Nf5 59. Bxg6 Rxg6 60.
Kxf5 Ra6 61. g6 Kb3 62. g7 Ra8 63. Rh4 c4 64. Rxh5 Rxa5+ 65. Kg4 Rxh5 66. Kxh5
c3 67. g8=Q+ Kb2 68. Qg7 Kb3 69. Kg4 c2 70. Qa1 1-0

[Event "25th Dubai Open A 2025"]
[Site "Dubai UAE"]
[Date "2025.06.02"]
[Round "7.2"]
[White "Zemlyanskii, Ivan"]
[Black "Nihal, Sarin"]
[Result "1-0"]
[WhiteTitle "GM"]
[BlackTitle "GM"]
[WhiteElo "2563"]
[BlackElo "2693"]
[WhiteFideId "24249971"]
[BlackFideId "25092340"]
[EventDate "2025.05.27"]

1. e4 c6 2. d4 d5 3. e5 c5 4. dxc5 e6 5. Nf3 Bxc5 6. Bd3 Nc6 7. O-O Nge7 8. a3
Ng6 9. b4 Bb6 10. Bb2 Nf4 11. c4 O-O 12. c5 Bc7 13. Bc2 f6 14. exf6 e5 15. Nc3
Rxf6 16. Bb3 Be6 17. Bc1 e4 18. Bxf4 Bxf4 19. Nxd5 exf3 20. Nxf4 Bxb3 21. Qxb3+
Kh8 22. g3 Nd4 23. Qc4 Qd7 24. Kh1 Rd8 25. Rad1 g5 26. Ne6 Qxe6 27. Rxd4 Qxc4
28. Rxc4 a6 29. a4 Kg7 30. b5 axb5 31. axb5 Rf5 32. g4 Re5 33. h3 b6 34. Rfc1
Rc8 35. cxb6 Rxc4 36. Rxc4 Rxb5 37. Rc7+ Kg6 38. Rc6+ Kg7 39. Kh2 Rb3 40. Kg3 h6
41. h4 gxh4+ 42. Kxh4 Rb4 43. Kg3 Rb3 44. Kf4 Ra3 45. Kf5 Ra5+ 46. Ke6 Ra2 47.
b7 Rb2 48. Rc7+ Kg6 49. Kd5 Kg5 50. Rc5 Kxg4 51. Kc6 Rxb7 52. Kxb7 Kh3 53. Kc6
Kg2 54. Rc2 h5 55. Kd5 h4 56. Ke4 h3 57. Ke3 h2 58. Rc1 1-0

[Event "25th Dubai Open A 2025"]
[Site "Dubai UAE"]
[Date "2025.06.02"]
[Round "7.3"]
[White "Sargsyan, Shant"]
[Black "Bharath, Subramaniyam H"]
[Result "1/2-1/2"]
[WhiteTitle "GM"]
[BlackTitle "GM"]
[WhiteElo "2666"]
[BlackElo "2556"]
[WhiteFideId "13306766"]
[BlackFideId "46634827"]
[EventDate "2025.05.27"]

1. d4 Nf6 2. c4 e6 3. Nc3 d5 4. cxd5 exd5 5. Bg5 Be7 6. e3 h6 7. Bh4 O-O 8. Bd3
Re8 9. h3 c6 10. Bg3 Bd6 11. Nge2 a5 12. O-O Na6 13. Rc1 Nc7 14. Qb3 Ne6 15. Na4
Ng5 16. Qb6 Qe7 17. Nc5 Nh5 18. Bxd6 Qxd6 19. h4 Nh7 20. g3 Qf6 1/2-1/2

[Event "25th Dubai Open A 2025"]
[Site "Dubai UAE"]
[Date "2025.06.02"]
[Round "7.4"]
[White "Muradli, Mahammad"]
[Black "Movahed, Sina"]
[Result "0-1"]
[WhiteTitle "GM"]
[BlackTitle "GM"]
[WhiteElo "2603"]
[BlackElo "2518"]
[WhiteFideId "13409301"]
[BlackFideId "42520835"]
[EventDate "2025.05.27"]

1. Nf3 Nf6 2. c4 e6 3. Nc3 d5 4. e3 Bd6 5. b3 O-O 6. Bb2 Nc6 7. a3 Re8 8. Qc2 d4
9. Ne2 e5 10. Ng3 a5 11. c5 Bf8 12. Bb5 Bd7 13. O-O Nb4 14. Qc4 c6 15. axb4 cxb5
16. Qc1 Bc6 17. Rxa5 Rxa5 18. bxa5 Bxf3 19. gxf3 Qd5 20. b4 h5 21. Qd1 Qc4 22.
Ba3 h4 23. Ne4 Nxe4 24. fxe4 Qd3 25. Bc1 Qxe4 26. d3 Qg6+ 27. Kh1 e4 28. dxe4
dxe3 29. fxe3 Rxe4 30. Bd2 Qe6 31. Qf3 f6 32. h3 Be7 33. Qf5 Qc6 34. Kg1 Re5 35.
Qf3 Qd7 36. Rf2 Rg5+ 37. Kf1 Qd3+ 38. Qe2 Qe4 39. Qxb5 Bd6 40. Ke2 Bg3 41. Rf3
Rd5 42. a6 Qc2 0-1

[Event "25th Dubai Open A 2025"]
[Site "Dubai UAE"]
[Date "2025.06.02"]
[Round "7.5"]
[White "Aditya, Mittal"]
[Black "Indjic, Aleksandar"]
[Result "1/2-1/2"]
[WhiteTitle "GM"]
[BlackTitle "GM"]
[WhiteElo "2547"]
[BlackElo "2637"]
[WhiteFideId "35042025"]
[BlackFideId "911925"]
[EventDate "2025.05.27"]

1. d4 d6 2. e4 Nf6 3. Nc3 e5 4. Nf3 Nbd7 5. g4 Nxg4 6. Rg1 Ngf6 7. Bc4 h6 8. Qe2
c6 9. Bb3 b5 10. dxe5 dxe5 11. a4 b4 12. Qc4 Qe7 13. Qxc6 Rb8 14. Nd5 Nxd5 15.
Bxd5 Bb7 16. Qb5 a6 17. Qa5 Qf6 18. Bxb7 Rxb7 19. Qd5 Rb8 20. Ke2 Rc8 21. Be3
Qc6 22. Rgd1 f6 23. Nh4 Qxd5 24. Rxd5 Rxc2+ 25. Kf3 Nb8 26. Rad1 Nc6 27. Nf5 g6
28. Nd6+ Ke7 29. Nb7 f5 30. Rc5 Rxc5 31. Bxc5+ Kf7 32. Rd7+ Ke6 33. Rc7 Nd4+ 34.
Bxd4 exd4 35. Nd8+ Kd6 36. Rc4 Rh7 37. Rxd4+ Ke5 38. Rd5+ Kf6 39. e5+ Ke7 40.
Nc6+ Ke6 41. Ra5 Rd7 42. Rxa6 Kd5 43. e6 Rc7 44. e7 Bxe7 45. Nxe7+ Rxe7 46. Rxg6
Kc4 47. a5 Kb3 48. Rb6 Re5 49. a6 Ra5 50. Kf4 Ra4 51. Kxf5 Kxb2 52. Kg6 b3 53.
Kxh6 Kc2 54. Kg5 Ra5+ 55. Kg4 b2 56. h4 Rxa6 57. Rxb2+ Kxb2 58. h5 Kc3 59. Kg5
Kd4 60. h6 Ra5+ 61. Kg6 Ke4 62. h7 Ra6+ 63. Kg7 Ra7+ 64. Kg6 Rxh7 65. f3+ Kxf3
66. Kxh7 1/2-1/2

[Event "25th Dubai Open A 2025"]
[Site "Dubai UAE"]
[Date "2025.06.02"]
[Round "7.6"]
[White "Narayanan, S.L."]
[Black "Aronyak, Ghosh"]
[Result "1/2-1/2"]
[WhiteTitle "GM"]
[BlackTitle "IM"]
[WhiteElo "2598"]
[BlackElo "2514"]
[WhiteFideId "5058422"]
[BlackFideId "25072846"]
[EventDate "2025.05.27"]

1. d4 Nf6 2. c4 e6 3. Nf3 d5 4. Nc3 dxc4 5. e4 Bb4 6. Bxc4 Nxe4 7. Qc2 Nd6 8.
Bd3 h6 9. Bf4 O-O 10. O-O Bd7 11. Rad1 Nc6 12. a3 Bxc3 13. bxc3 b5 14. Qc1 Ne7
15. Ne5 f6 16. Ng4 1/2-1/2

[Event "25th Dubai Open A 2025"]
[Site "Dubai UAE"]
[Date "2025.06.02"]
[Round "7.7"]
[White "Davtyan, Arsen"]
[Black "Pichot, Alan"]
[Result "0-1"]
[WhiteTitle "IM"]
[BlackTitle "GM"]
[WhiteElo "2402"]
[BlackElo "2587"]
[WhiteFideId "13309315"]
[BlackFideId "110973"]
[EventDate "2025.05.27"]

1. e4 e5 2. Nf3 Nc6 3. Bb5 a6 4. Ba4 Nf6 5. O-O b5 6. Bb3 Bc5 7. c3 d6 8. d4 Bb6
9. Be3 O-O 10. Nbd2 h6 11. h3 Re8 12. Re1 Rb8 13. a4 Bd7 14. dxe5 Nxe5 15. Nxe5
dxe5 16. axb5 axb5 17. Qe2 Qe7 18. Red1 Red8 19. Nf1 c5 20. Bc2 c4 21. Bxb6 Rxb6
22. Ra7 Rd6 23. Ne3 Qe6 24. Rxd6 Qxd6 25. Ra1 Be6 26. Rd1 Qc7 27. Qe1 g6 28. Rd2
Kg7 29. Qd1 Rxd2 30. Qxd2 Qa7 31. Kh2 Qb6 32. Kg1 Qc6 33. Qe1 h5 34. Nf1 Qc5 35.
Nd2 b4 36. cxb4 Qxb4 37. Qc1 Nd7 38. Nb1 Nc5 39. Qe3 Qxb2 40. Qxc5 Qc1+ 41. Kh2
Qxc2 42. Qxe5+ Kh7 43. Nc3 Qxf2 44. Nb5 h4 45. Nc3 Qe3 46. Nd1 Qh6 47. Qf6 g5
48. Qf3 Qg7 49. Nc3 Kg6 50. Kg1 Qd4+ 51. Kh2 Qf6 52. Qe3 Qf4+ 53. Qxf4 gxf4 54.
Ne2 Kf6 55. Nxf4 Ke5 56. g3 Kxe4 57. Ne2 Kf3 58. Nd4+ Ke3 59. Nb5 hxg3+ 60. Kxg3
f5 61. Nc3 f4+ 62. Kg2 Kd3 63. Na4 Bd5+ 64. Kf2 c3 0-1

[Event "25th Dubai Open A 2025"]
[Site "Dubai UAE"]
[Date "2025.06.02"]
[Round "7.8"]
[White "Gorshtein, Ido"]
[Black "Aswath, S"]
[Result "1-0"]
[WhiteTitle "GM"]
[BlackTitle "IM"]
[WhiteElo "2560"]
[BlackElo "2515"]
[WhiteFideId "2815532"]
[BlackFideId "46694919"]
[EventDate "2025.05.27"]

1. c4 e5 2. Nc3 Bb4 3. Nd5 a5 4. Nf3 d6 5. a3 Bc5 6. e3 c6 7. Nc3 Nd7 8. d4 Ba7
9. Qc2 Ngf6 10. Bd2 Qe7 11. O-O-O O-O 12. h3 Re8 13. g4 e4 14. Nh2 h6 15. h4 Nf8
16. Be2 g5 17. hxg5 hxg5 18. f3 d5 19. fxe4 dxe4 20. Rdg1 Ng6 21. Nf1 Bb8 22.
Be1 Bd7 23. c5 Kg7 24. Bd1 Bc7 25. Bg3 Bxg3 26. Nxg3 Nh4 27. Nf5+ Nxf5 28. gxf5
Bxf5 29. Rxg5+ Bg6 30. Rhg1 Nh7 31. R5g3 Kh8 32. Qh2 Rg8 33. Rh1 Rg7 34. Rh3 Qg5
35. Ne2 Bf5 36. Rg3 Qf6 37. Rf1 Qe6 38. Rxg7 Kxg7 39. Rg1+ Kh8 40. Nf4 Qf6 41.
Qg3 Re8 42. Bb3 Rf8 43. Nh5 Qg6 44. Qh2 Qh6 45. Qe5+ f6 46. Qg3 Qg5 47. Kc2 Rc8
48. Bc4 Rf8 49. Kb3 Rc8 50. Ka4 Ra8 51. Nf4 Qxg3 52. Rxg3 Ng5 53. Nh5 Nf3 54.
Kb3 Nd2+ 55. Kc3 Nxc4 56. Kxc4 Be6+ 57. Kc3 f5 58. Nf4 Re8 59. Rg5 Bd7 60. Kb3
b5 61. Kc3 Kh7 62. Rg1 Rg8 63. Rxg8 Kxg8 64. d5 Kf7 65. Kd4 Kf6 66. Ne2 Ke7 67.
Ke5 cxd5 68. b4 axb4 69. axb4 Kd8 70. Kxd5 Kc7 71. Ke5 1-0